Verbrechen der Wehrmacht: Bilanz einer Debatte ; [Eine Veröffentlichung des Hamburger Instituts für Sozialforschung und des Instituts für Zeitgeschichte München - Berlin]

Saved in:  
Bibliographic Details
Corporate Author: Hamburger Institut für Sozialforschung (Other)
Contributors: Hartmann, Christian 1959- (Editor)
Format: Print Book
Language:German
Published: München Beck 2005
In:Year: 2005
Edition:Orig.-Ausg.
Online Access: Abstract
Cover
Inhaltsbeschreibung
Contents
Contents
Table of Contents
Table of Contents
Review
Review
Availability in Tübingen:Present in Tübingen.
UB: 45 A 3204
Check availability: HBZ Gateway
Subito Delivery Service: Order now.
Keywords:

MARC

LEADER 00000cam a2200000 c 4500
001 474700895
003 DE-627
005 20260206194013.0
007 tu
008 041209s2005 gw ||||| 00| ||ger c
015 |a 04,N52,2220  |2 dnb 
015 |a 05,A28,1727  |2 dnb 
016 7 |a 972843116  |2 DE-101 
020 |a 3406528023  |9 3-406-52802-3 
024 3 |a 9783406528026 
035 |a (DE-627)474700895 
035 |a (DE-603)125846460 
035 |a (DE-576)115190007 
035 |a (DE-599)DNB972843116 
035 |a (OCoLC)254112738 
035 |a (OCoLC)1083814547 
035 |a (OCoLC)470599598 
035 |a (DE-605)HT014428693 
035 |a (AT-OBV)AC04462198 
035 |a (DE-H357)his29394 
040 |a DE-627  |b ger  |c DE-627  |e rakwb 
041 |a ger 
044 |c XA-DE-BY 
050 0 |a D757 
082 0 |a 940.54/13430947 
082 0 |a 940.5413430947 
082 0 |a 940.5347 
082 0 4 |a 940  |a 355 
084 |a 7,41  |a 8,1  |2 ssgn 
084 |a NQ 2340  |2 rvk  |0 (DE-625)rvk/128253: 
084 |a NQ 2580  |2 rvk  |0 (DE-625)rvk/128289: 
084 |a NQ 2650  |2 rvk  |0 (DE-625)rvk/128296: 
084 |a NQ 2300  |2 rvk  |0 (DE-625)rvk/128245: 
084 |a NQ 6020  |2 rvk  |0 (DE-625)rvk/128681: 
084 |a NQ 2560  |2 rvk  |0 (DE-625)rvk/128286: 
084 |a 15.24  |2 bkl 
084 |a 15.43  |2 bkl 
245 0 0 |a Verbrechen der Wehrmacht  |b Bilanz einer Debatte ; [Eine Veröffentlichung des Hamburger Instituts für Sozialforschung und des Instituts für Zeitgeschichte München - Berlin]  |c hrsg. von Christian Hartmann ... 
250 |a Orig.-Ausg. 
264 1 |a München  |b Beck  |c 2005 
300 |a 230 S.  |b Kt.  |c 19 cm 
336 |a Text  |b txt  |2 rdacontent 
337 |a ohne Hilfsmittel zu benutzen  |b n  |2 rdamedia 
338 |a Band  |b nc  |2 rdacarrier 
490 0 |a Beck'sche Reihe  |v 1632 
583 1 |a Archivierung/Langzeitarchivierung gewährleistet  |f SLG  |x XA-DE-BW  |z BfZ  |2 pdager  |5 DE-24 
583 1 |a Archivierung/Langzeitarchivierung gewährleistet  |f SSG  |x XA-DE-BW  |2 pdager  |5 DE-21 
610 2 7 |0 (DE-588)26159-2  |0 (DE-627)100677886  |0 (DE-576)190296801  |a Deutsches Reich  |b Wehrmacht  |2 gnd 
611 2 7 |0 (DE-588)4461149-3  |0 (DE-627)230616410  |0 (DE-576)21267207X  |a Ausstellung Vernichtungskrieg - Verbrechen der Wehrmacht 1941 - 1944  |2 gnd 
648 7 |a Geschichte  |2 gnd 
650 0 |a World War, 1939-1945  |x Atrocities  |x Soviet Union 
650 0 |a War criminals  |x History  |x 20th century  |x Germany 
650 0 7 |0 (DE-588)4033151-9  |0 (DE-627)10625863X  |0 (DE-576)209000422  |a Kriegsverbrechen  |2 gnd 
650 0 7 |0 (DE-588)4079167-1  |0 (DE-627)106075403  |0 (DE-576)209211199  |a Zweiter Weltkrieg  |2 gnd 
650 0 7 |0 (DE-588)4076906-9  |0 (DE-627)106081659  |0 (DE-576)209203390  |a Russlandfeldzug  |g 1941-1945  |2 gnd 
650 0 7 |0 (DE-588)4075228-8  |0 (DE-627)104522798  |0 (DE-576)209196998  |a Nationalsozialistisches Verbrechen  |2 gnd 
650 0 7 |0 (DE-588)4020531-9  |0 (DE-627)104564326  |0 (DE-576)208933751  |a Geschichtsschreibung  |2 gnd 
650 0 7 |0 (DE-588)4073091-8  |0 (DE-627)104682590  |0 (DE-576)20918938X  |a Judenvernichtung  |2 gnd 
650 4 |a Wehrmacht 
650 4 |a Wehrmachtsverbrechen 
650 4 |a Vergangenheitsbewältigung 
650 4 |a Nationalsozialismus 
650 4 |a NS 
650 4 |a Zweiter Weltkrieg 
650 4 |a Ausstellung Vernichtungskrieg <1995-2000> 
650 4 |a Ausstellung Verbrechen der Wehrmacht < 2001-2004> 
650 4 |a Geschichtspolitik 
650 4 |a Kriegsverbrechen 
650 4 |a Handlungsspielraum 
650 4 |a Kriegsführung 
650 4 |a Massenmord, Kriegsverbrechen, Wehrmacht, Raub, Armee, Soldaten, Kriegsgefangener, Polizei, Sowjetunion, Stadtbevölkerung, Hitler 
651 0 |a Germany  |x Armed Forces  |x History  |x 20th century 
651 0 |a Soviet Union  |x History  |x German occupation, 1941-1944 
651 7 |0 (DE-588)4074266-0  |0 (DE-627)104400552  |0 (DE-576)20919314X  |a Litauen  |2 gnd 
651 7 |0 (DE-588)4077548-3  |0 (DE-627)104152052  |0 (DE-576)20920558X  |a Sowjetunion  |2 gnd 
655 7 |a Aufsatzsammlung  |0 (DE-588)4143413-4  |0 (DE-627)105605727  |0 (DE-576)209726091  |2 gnd-content 
655 7 |a Konferenzschrift  |y 2004  |z Hamburg  |0 (DE-588)1071861417  |0 (DE-627)826484824  |0 (DE-576)433375485  |2 gnd-content 
689 0 0 |d b  |0 (DE-588)26159-2  |0 (DE-627)100677886  |0 (DE-576)190296801  |a Deutsches Reich  |b Wehrmacht  |2 gnd 
689 0 1 |d s  |0 (DE-588)4033151-9  |0 (DE-627)10625863X  |0 (DE-576)209000422  |a Kriegsverbrechen  |2 gnd 
689 0 2 |a z  |2 gnd  |a Geschichte 
689 0 |5 DE-101 
689 1 0 |d s  |0 (DE-588)4076906-9  |0 (DE-627)106081659  |0 (DE-576)209203390  |a Russlandfeldzug  |g 1941-1945  |2 gnd 
689 1 |5 DE-101 
689 2 0 |d f  |0 (DE-588)4461149-3  |0 (DE-627)230616410  |0 (DE-576)21267207X  |a Ausstellung Vernichtungskrieg - Verbrechen der Wehrmacht 1941 - 1944  |2 gnd 
689 2 |5 (DE-627) 
700 1 |a Hartmann, Christian  |d 1959-  |e Hrsg.  |0 (DE-588)129987352  |0 (DE-627)48623181X  |0 (DE-576)29793645X  |4 edt 
710 2 |a Hamburger Institut für Sozialforschung  |0 (DE-588)2080678-4  |0 (DE-627)100038921  |0 (DE-576)192244469  |4 oth 
787 0 8 |i Rezensiert in  |w (DE-603)394960238 
856 4 2 |u https://swbplus.bsz-bw.de/bsz115190007vlg.htm  |m V:DE-576  |v 2008-07-15  |3 Inhaltstext  |7 1 
856 4 2 |u https://swbplus.bsz-bw.de/bsz115190007inh.htm  |m V:DE-576  |v 2005-04-27  |3 Inhaltsverzeichnis  |7 1 
856 4 2 |u https://www.hsozkult.de/publicationreview/id/rezbuecher-6451  |m V:DE-576;X:HSozKult  |q text/html  |v 20180417153224  |3 Rezension  |7 1 
856 4 2 |u http://www.sehepunkte.de/2005/09/8533.html  |m V:DE-576;X:Sehepunkte  |q text/html  |v 20180424123816  |3 Rezension  |7 1 
856 4 2 |u http://scans.hebis.de/HEBCGI/show.pl?12584646_toc.pdf  |m V:DE-603;B:DE-17  |q application/pdf  |3 Inhaltsverzeichnis  |7 1 
856 4 2 |u http://scans.hebis.de/HEBCGI/show.pl?12584646_vlg.pdf  |m V:DE-576  |q application/pdf  |3 Inhaltstext  |7 1 
856 4 2 |u http://scans.hebis.de/HEBCGI/show.pl?12584646_cov.pdf  |m V:DE-603;B:DE-Mb50  |q application/pdf  |3 Cover  |7 1 
856 4 2 |u http://scans.hebis.de/HEBCGI/show.pl?12584646_sum.pdf  |m V:DE-603;B:DE-Mb50  |q application/pdf  |3 Abstract  |7 1 
856 4 2 |u http://www.chbeck.de/productview.aspx?product=12909  |x Verlag  |y Inhaltsbeschreibung  |7 1 
935 |a mkri 
935 |i Blocktest 
936 r v |a NQ 2340  |b Allgemeines  |k Geschichte  |k Geschichte seit 1918  |k Drittes Reich  |k Innere Geschichte  |k NS-Terror  |k Allgemeines  |0 (DE-627)1270750798  |0 (DE-625)rvk/128253:  |0 (DE-576)200750798 
936 r v |a NQ 2580  |b Allgemeines  |k Geschichte  |k Geschichte seit 1918  |k Geschichte des Zweiten Weltkrieges  |k Kriegsausbruch und Kriegsverlauf  |k Allgemeines  |0 (DE-627)1270820826  |0 (DE-625)rvk/128289:  |0 (DE-576)200820826 
936 r v |a NQ 2650  |b Russlandkrieg 1941 - 1945 / Ostfront  |k Geschichte  |k Geschichte seit 1918  |k Geschichte des Zweiten Weltkrieges  |k Kriegsausbruch und Kriegsverlauf  |k Russlandkrieg 1941 - 1945 / Ostfront  |0 (DE-627)1270775693  |0 (DE-625)rvk/128296:  |0 (DE-576)200775693 
936 r v |a NQ 2300  |b Wehrmacht im Dritten Reich, Strategische Planung, Rüstung, Luftschutz, Geheimdienst  |k Geschichte  |k Geschichte seit 1918  |k Drittes Reich  |k Innere Geschichte  |k Wehrmacht im Dritten Reich, Strategische Planung, Rüstung, Luftschutz, Geheimdienst  |0 (DE-627)1270715232  |0 (DE-625)rvk/128245:  |0 (DE-576)200715232 
936 r v |a NQ 6020  |b Geistige Auseinandersetzungen mit dem Nationalsozialismus und Neuorientierung  |k Geschichte  |k Geschichte seit 1918  |k Deutsche Geschichte seit 1945  |k Der Zusammenbruch und seine Folgen  |k Geistige Auseinandersetzungen mit dem Nationalsozialismus und Neuorientierung  |0 (DE-627)1270750801  |0 (DE-625)rvk/128681:  |0 (DE-576)200750801 
936 r v |a NQ 2560  |b Darstellungen  |k Geschichte  |k Geschichte seit 1918  |k Geschichte des Zweiten Weltkrieges  |k Darstellungen  |0 (DE-627)127082080X  |0 (DE-625)rvk/128286:  |0 (DE-576)20082080X 
936 b k |a 15.24  |j Zweiter Weltkrieg  |0 (DE-627)181571013 
936 b k |a 15.43  |j Deutsche Geschichte des 19. Jahrhunderts bis zur Gegenwart  |0 (DE-627)181569701 
936 s n |a n100  |2 mzub 
936 s n |a m100  |2 mzub 
951 |a BO 
ELC |b 1 
LOK |0 000 xxxxxcx a22 zn 4500 
LOK |0 001 3190821828 
LOK |0 003 DE-627 
LOK |0 004 474700895 
LOK |0 005 20050809000000 
LOK |0 008 050318||||||||||||||||ger||||||| 
LOK |0 040   |a DE-21  |c DE-627  |d DE-21 
LOK |0 852   |a DE-21 
LOK |0 852 1  |c 45 A 3204  |9 00 
LOK |0 866   |x me 
LOK |0 938   |l 25  |8 2 
LOK |0 938   |l 20/05/05  |8 6 
LOK |0 939   |a 18-03-05  |b l01 
LOK |0 000 xxxxxcx a22 zn 4500 
LOK |0 001 3190821895 
LOK |0 003 DE-627 
LOK |0 004 474700895 
LOK |0 005 20120621103453 
LOK |0 008 050824||||||||||||||||ger||||||| 
LOK |0 040   |a DE-21-106  |c DE-627  |d DE-21-106 
LOK |0 541   |e 171/2005 
LOK |0 689   |a s  |0 1311402489  |a Kriegsverbrechen 
LOK |0 689   |a s  |0 1311402683  |a Wehrmacht 
LOK |0 689   |a s  |0 1311400397  |a Zweiter Weltkrieg 
LOK |0 689   |a s  |0 1311400354  |a Nationalsozialismus 
LOK |0 852   |a DE-21-106 
LOK |0 852 1  |c H VI VW 1  |m p  |9 00 
LOK |0 935   |a k106 
LOK |0 938   |k p 
LOK |0 939   |a 24-08-05  |b l01 
LOK |0 000 xxxxxcx a22 zn 4500 
LOK |0 001 3190823235 
LOK |0 003 DE-627 
LOK |0 004 474700895 
LOK |0 005 20050406000000 
LOK |0 008 050103||||||||||||||||ger||||||| 
LOK |0 040   |a DE-Frei85  |c DE-627  |d DE-Frei85 
LOK |0 852   |a DE-Frei85 
LOK |0 852 1  |m p  |9 00 
LOK |0 938   |k p 
LOK |0 939   |a 03-01-05  |b l01 
ORI |a SA-MARC-krimdoka001.raw 
SIG |a UB: 45 A 3204 
TIM |a 100019350101_100019451231  |b 1935 - 1945